00317nam a2200121Ia 4500008004100000041000800041082001500049100001400064245004500078260003300123300003000156365000900186240624s9999 xx 000 0 und d aeng a658.87 GOP aGOPAL V V aRETAIL MANAGEMENT PERSPECTIVES AND CASES c2006aHyderabadbICFAI press aix, : 237 : p. : cm. ; 23 cb30